| 000 | 00831nam a22002057a 4500 | ||
|---|---|---|---|
| 999 |
_c7438 _d7438 |
||
| 003 | AR-CdUCM | ||
| 008 | 190320b ||||| |||| 00| 0 spa d | ||
| 040 |
_aMUNICIPALIDAD PROVINCIAL DEL CUSCO _cBIBLIOTECA MUNICIPAL DEL CUSCO |
||
| 082 |
_bC14 _a630 / |
||
| 100 |
_aCalatrava, Alonso _920977 |
||
| 245 |
_aEvaluación del rendimiento agrícola : _bCultivos, ganadería bovina, porcina, ovina y avicultura / |
||
| 260 |
_aCaracas : _bItalgraficas, _c1970. |
||
| 300 |
_a337 paginas ; _bCuadros, _c22 cm. |
||
| 505 | _aEvaluación del rendimiento de los cultivos -- Análisis por cultivos -- Análisis por regiones y países -- Promedio máximo de rendimiento por hectárea... | ||
| 650 |
_aEvaluación agrícola _920978 |
||
| 650 |
_aGanadería ovina _920979 |
||
| 650 |
_aAgricultura _9320 |
||
| 942 |
_2ddc _cLIBROS |
||
| 945 | _awnts | ||